Language Quiz

Random Language or Europe Quiz

Albanian colours Quiz Stats

 Plays Quiz not verified by Sporcle

Challenge
Share
Tweet
Embed
Score 0/12 Timer 02:00
0 Plays Today
Albanian colour name English colour name % Correct
rozëPink
87.8%
i ziBlack
82%
i kuqRed
80.4%
portokalleOrange
77.8%
i bardhëWhite
77.8%
i verdhëYellow
70.4%
i gjelbërGreen
69.3%
i kaltërBlue
64%
vjollcëPurple
61.9%
argjendSilver
58.7%
i artëGold
48.1%
i hirtëGrey
41.3%

You're not logged in!

Compare scores with friends on all Sporcle quizzes.
Join for Free
OR
Log In

You Might Also Like...

Show Comments

Extras

Top Quizzes Today


Score Distribution

Your Account Isn't Verified!

In order to create a playlist on Sporcle, you need to verify the email address you used during registration. Go to your Sporcle Settings to finish the process.

Report this User

Report this user for behavior that violates our Community Guidelines.

Details: